000 00668nam a2200205Ia 4500
003 SISC
005 20160610161342.0
008 140429s9999 xx 000 0 und d
020 _a9781606490709
050 _aHD 2745
_b.M554 2010
100 _aMerchant, Kenneth A.
245 _aBlind Spots, Biases, and other pathologies in the boardroom /
_cKenneth A. Merchant and Katharina Pick.
260 _aNew York :
_bBusiness Expert Press,
_c2010.
300 _a151 pages ;
_c23 cm.
500 _aIncludes bibliographical references and index.
650 _aCorporate governance.
650 _aDirectors of corporations.
942 _kFOR
_cBK
_2lcc
999 _c115658
_d115658